| 000 | 00577nam a22001577a 4500 | ||
|---|---|---|---|
| 003 | OSt | ||
| 005 | 20150907074545.0 | ||
| 008 | 150907b xxu||||| |||| 00| 0 eng d | ||
| 040 | _cRUA | ||
| 082 | _aAGR ហេង 1990 B001 Or.1 | ||
| 100 |
_9138 _aហេង សុខិណា |
||
| 245 | _aផលនៃសណ្ដែកPHASEOLUSទៅតាមការប្រែប្រួលនៃផ្ទៃដីដែលរុក្ខជាតិអាចស្រូបយកជីជាតិ | ||
| 260 |
_aPhnom Penh _bRUA _c1990 |
||
| 300 |
_a101p. _bill. _c29cm. |
||
| 942 |
_2ddc _cAGR |
||
| 999 |
_c122 _d122 |
||